Lập trình nâng cao trên ngôn ngữ Pascal Sách dùng cho: Sinh viên đại học. Học sinh khá, giỏi. Giáo viên dạy tin học
Đề cập đến một số vấn đề thuộc về kĩ thuật lập trình trên nền ngôn ngữ Pascal: chương trình con, giao tiếp file, quản lí bộ nhớ, thư viện lập trình..
Đã lưu trong:
| Tác giả chính: | |
|---|---|
| Định dạng: | Sách |
| Ngôn ngữ: | Vietnamese |
| Được phát hành: |
H.
Đại học Quốc gia Hà Nội
2007
|
| Phiên bản: | in lần thứ 5 |
| Những chủ đề: | |
| Các nhãn: |
Thêm thẻ
Không có thẻ, Là người đầu tiên thẻ bản ghi này!
|
| Thư viện lưu trữ: | Mạng thư viện Đại học Đà Nẵng |
|---|
| LEADER | 01498nam a2200373 4500 | ||
|---|---|---|---|
| 001 | 000009367 | ||
| 003 | 5564 | ||
| 005 | 20120305100321.0 | ||
| 008 | 111026s2007 viesd | ||
| 020 | |c 45000đ | ||
| 041 | 0 | |a vie | |
| 082 | |a 005.133 |b NG-T | ||
| 100 | 0 | |a Nguyễn Tô Thành | |
| 245 | 0 | |a Lập trình nâng cao trên ngôn ngữ Pascal |b Sách dùng cho: Sinh viên đại học. Học sinh khá, giỏi. Giáo viên dạy tin học |c Nguyễn Tô Thành | |
| 250 | |a in lần thứ 5 | ||
| 260 | |a H. |b Đại học Quốc gia Hà Nội |c 2007 | ||
| 300 | |a 281 tr. |b hình vẽ |c 27 cm | ||
| 500 | |a Phụ lục: tr. 275-281 | ||
| 520 | |a Đề cập đến một số vấn đề thuộc về kĩ thuật lập trình trên nền ngôn ngữ Pascal: chương trình con, giao tiếp file, quản lí bộ nhớ, thư viện lập trình.. | ||
| 653 | |a Lập trình | ||
| 653 | |a Pascal - ngôn ngữ lập trình | ||
| 653 | |a Tin học | ||
| 700 | |a Nguyễn Tô Thành |e Tác giả | ||
| 910 | |a Thanh |d 26/10/2011 | ||
| OWN | |a LSP | ||
| AVA | |a UDN50 |b LSP |d 005.133 NG-T |e check_holdings |t Error 5003 Not defined in file expand_doc_bib_avail. |h N |k 1 | ||
| 999 | |a From the UDN01 | ||
| AVA | |a UDN50 |b LSP |d 005.133 NG-T |e available |t Error 5001 Not defined in file expand_doc_bib_avail. |f 28 |g 0 |h N |i 2 |k 1 | ||
| TYP | |a Monograph | ||
| TYP | |a Printed language | ||
| 980 | |a Mạng thư viện Đại học Đà Nẵng | ||